| 000 | 01141nam a2200289 i 4500 | ||
|---|---|---|---|
| 001 | bg | ||
| 003 | BPK | ||
| 005 | 20260518132829.0 | ||
| 008 | s1992 pl f f |000 0 pol | ||
| 040 | _cBPK | ||
| 080 | _a62-192 | ||
| 080 | _a519.87 | ||
| 080 | _a(075.8) | ||
| 100 | 1 |
_aSłowiński, Bronisław _eAutor |
|
| 245 | 1 | 0 |
_aPodstawy badań i oceny niezawodności obiektów technicznych / _cBronisław Słowiński. |
| 260 |
_aKoszalin : _bWydawnictwo Uczelniane WSI, _c1992. |
||
| 300 |
_a138 s. : _brys., wykr. ; _c24 cm. |
||
| 490 | 1 | _aSkrypty / Wyższa Szkoła Inżynierska w Koszalinie | |
| 650 | 4 | _aBadania operacyjne | |
| 650 | 4 | _aNiezawodność urządzeń | |
| 655 | 4 | _aPodręczniki akademickie | |
| 710 | 2 |
_aWydawnictwo Uczelniane (Wyższa Szkoła Inżynierska ; Koszalin) _4pb. |
|
| 830 | 0 | _aSkrypty - Wyższa Szkoła Inżynierska w Koszalinie | |
| 856 |
_uhttp://koha.tu.koszalin.pl/cgi-bin/koha/opac-detail.pl?biblionumber=5963 _yKatalog online BPK |
||
| 856 |
_uhttps://dlibra.tu.koszalin.pl/dlibra/publication/2134/edition/2124 _yBiblioteka Cyfrowa |
||
| 942 |
_cKS _2UKD |
||
| 999 |
_c5963 _d5963 |
||